Sure Outcomes: (Record no. 206531)

MARC details
000 -LEADER
fixed length control field 00584nam a2200193 4500
005 - DATE AND TIME OF LATEST TRANSACTION
control field 20241021152931.0
010 ## - LCCN (DPL NO)
LC control number ENG-142204
020 ## - INTERNATIONAL STANDARD BOOK NUMBER
Terms of availability 175.00
International Standard Book Number 9788125053781
035 ## - SYSTEM CONTROL NUMBER
System control number EN-125736
037 ## - SOURCE OF ACQUISITION
Source of stock number/acquisition DBAD
082 ## - DEWEY DECIMAL CLASSIFICATION NUMBER
Classification number 425
100 ## - MAIN ENTRY--PERSONAL NAME
Personal name Board of Editors
245 ## - TITLE STATEMENT
Title Sure Outcomes:
Statement of responsibility, etc by Board of Editors
Remainder of title English for Engineers and Technologists/
250 ## - EDITION STATEMENT
Edition statement First
260 ## - PUBLICATION, DISTRIBUTION, ETC. (IMPRINT)
Place of publication, distribution, etc Hyderabad
Name of publisher, distributor, etc Orient Blackswan Private Limited
Date of publication, distribution, etc 2013
270 ## - ADDRESS
Address 3-6-752, Himayatnagar
City Hyderabad
Postal code 500029
300 ## - PHYSICAL DESCRIPTION
Extent 323p.
Dimensions 26cm(hb)
942 ## - ADDED ENTRY ELEMENTS (KOHA)
Source of classification or shelving scheme Dewey Decimal Classification
Item type English Books
Classification part 425
Call number suffix SUR
Holdings
Withdrawn status Lost status Not for loan Collection code Home library Current library Date acquired Source of acquisition Cost, normal purchase price Full call number Barcode Copy number Cost, replacement price Koha item type
      Non-fiction Bawana Bawana 21/10/2024 DBAD 175.00 425 SUR EN-125736 1 175.00 English Books

© Delhi Public Library
Hit Counter
free hit counter